<?xml version="1.0" encoding="UTF-8"?>
<record
    xmlns:xsi="http://www.w3.org/2001/XMLSchema-instance"
    xsi:schemaLocation="http://www.loc.gov/MARC21/slim http://www.loc.gov/standards/marcxml/schema/MARC21slim.xsd"
    xmlns="http://www.loc.gov/MARC21/slim">

  <leader>00993nam a2200289 a 4500</leader>
  <datafield tag="999" ind1=" " ind2=" ">
    <subfield code="c">7439</subfield>
    <subfield code="d">7439</subfield>
  </datafield>
  <controlfield tag="001">991031666479706706</controlfield>
  <controlfield tag="003">OSt</controlfield>
  <controlfield tag="005">20211126102345.0</controlfield>
  <controlfield tag="008">060928s1995    spc|||a|||||c 100 ||cat|c</controlfield>
  <datafield tag="020" ind1=" " ind2=" ">
    <subfield code="a">847664518X</subfield>
  </datafield>
  <datafield tag="035" ind1=" " ind2=" ">
    <subfield code="a">(ES-BaCBU)b48516144-34csuc_network</subfield>
  </datafield>
  <datafield tag="035" ind1=" " ind2=" ">
    <subfield code="a">(ES-BaCBU).b48516144</subfield>
  </datafield>
  <datafield tag="035" ind1=" " ind2=" ">
    <subfield code="a">(ccuc001)b48516144</subfield>
  </datafield>
  <datafield tag="035" ind1=" " ind2=" ">
    <subfield code="a">(OCoLC)1120348090</subfield>
  </datafield>
  <datafield tag="040" ind1=" " ind2=" ">
    <subfield code="a">ES-BaCBU</subfield>
    <subfield code="b">cat</subfield>
    <subfield code="c">ES-BaCBU</subfield>
    <subfield code="d">CDMR</subfield>
  </datafield>
  <datafield tag="111" ind1="2" ind2=" ">
    <subfield code="a">FotoPres</subfield>
    <subfield code="n">(12&#xE8; :</subfield>
    <subfield code="d">1995 :</subfield>
    <subfield code="c">Barcelona)</subfield>
    <subfield code="9">3032</subfield>
  </datafield>
  <datafield tag="245" ind1="1" ind2="0">
    <subfield code="a">FotoPres'95 :</subfield>
    <subfield code="b">exposici&#xF3; organitzada per la Fundaci&#xF3; "La Caixa"</subfield>
  </datafield>
  <datafield tag="260" ind1=" " ind2=" ">
    <subfield code="a">Barcelona :</subfield>
    <subfield code="b">Fundaci&#xF3; "La Caixa",</subfield>
    <subfield code="c">1995</subfield>
  </datafield>
  <datafield tag="300" ind1=" " ind2=" ">
    <subfield code="a">143 p. :</subfield>
    <subfield code="b">il. col.;</subfield>
    <subfield code="c">30 cm</subfield>
  </datafield>
  <datafield tag="500" ind1=" " ind2=" ">
    <subfield code="a">Cat&#xE0;leg de l'exposici&#xF3; itinerant</subfield>
  </datafield>
  <datafield tag="546" ind1=" " ind2=" ">
    <subfield code="a">Text en catal&#xE0;, castell&#xE0;, gallec i basc</subfield>
  </datafield>
  <datafield tag="650" ind1="0" ind2="0">
    <subfield code="a">Fotografia</subfield>
    <subfield code="x">Exposicions</subfield>
    <subfield code="9">3145</subfield>
  </datafield>
  <datafield tag="650" ind1="0" ind2="0">
    <subfield code="a">Fotoperiodisme</subfield>
    <subfield code="x">Exposicions</subfield>
    <subfield code="9">3679</subfield>
  </datafield>
  <datafield tag="907" ind1=" " ind2=" ">
    <subfield code="a">.b48516144</subfield>
    <subfield code="b">22-01-21</subfield>
    <subfield code="c">11-05-11</subfield>
    <subfield code="d">11-05-11</subfield>
    <subfield code="e">m</subfield>
    <subfield code="f">a</subfield>
    <subfield code="g">-</subfield>
    <subfield code="h">cat</subfield>
    <subfield code="i">spc</subfield>
    <subfield code="j">0</subfield>
    <subfield code="k">1</subfield>
  </datafield>
  <datafield tag="908" ind1=" " ind2=" ">
    <subfield code="a">UAB</subfield>
    <subfield code="a">MACBA</subfield>
  </datafield>
  <datafield tag="942" ind1=" " ind2=" ">
    <subfield code="2">udc</subfield>
    <subfield code="c">MON</subfield>
  </datafield>
  <datafield tag="952" ind1=" " ind2=" ">
    <subfield code="0">0</subfield>
    <subfield code="1">0</subfield>
    <subfield code="4">0</subfield>
    <subfield code="7">1</subfield>
    <subfield code="a">CDMR</subfield>
    <subfield code="b">CDMR</subfield>
    <subfield code="d">2021-11-26</subfield>
    <subfield code="e">Donaci&#xF3;</subfield>
    <subfield code="g">25.00</subfield>
    <subfield code="l">0</subfield>
    <subfield code="o">Dk 2/19</subfield>
    <subfield code="p">CDMR21110055</subfield>
    <subfield code="r">2021-11-26</subfield>
    <subfield code="w">2021-11-26</subfield>
    <subfield code="y">MON</subfield>
  </datafield>
</record>
